000 00566nmm a2200193Ia 4500
008 251105s9999||||xx |||||||||||||||||und||
020 _a8486809959
041 _aspa
100 _aFranco Sánchez, F.
245 0 _aMuhammad As-Safra, el médico y su época
264 _a[Madrid, España] :
_bPublicaciones de la Universidad de Alicante,
_c1990
300 _a226 páginas
490 _aHistoria
650 _aBiography
700 _aFranco Sánchez, F.
700 1 _a Cabello, M. S.
856 _uhttps://public.digitaliapublishing.com/a/750
942 _cCF
999 _c65621
_d65621